000 00710nam a2200229Ia 4500
003 GCL
008 140319s9999 xx 000 0 ara d
040 _aGCL /
_cGCL
082 0 4 _a372.218
_bع م
100 1 _aعواطف ابراهيم محمد
245 1 0 _aالمنهج وطرق التعلم فى رياض الاطفال /
_cعواطف ابراهيم محمد
300 _a338 ص
490 _a
650 0 4 _aالتعليم
650 0 4 _aرياض الاطفال
650 0 4 _aتعليم الاطفال
650 0 4 _aالعناية الصحية
650 0 4 _aالاطفال - استحمام
650 0 4 _aالاطفال - تدريب
650 0 4 _aالاطفال - تغذية
942 _2ddc
_cBK
999 _c39705
_d39705